All About Me - Statistics

General Stats
  • This quiz has been taken 18 times
  • The average score is 7 of 15
Answer Stats
Question Answer % Correct
What's the best city?
86%
Which is my favorite flag?
71%
What country is most influential in my opinion?
71%
How old am I? I am a fetus
71%
Who did I vote for president? Pablo Escabar
71%
How tall am I? 5"
43%
I my opinion, who was the best president of the USA? Helen Keller
43%
What language do I speak? Sign Language
43%
What's my favorite food? Tacos
43%
Who do I stand with? Ukraine
43%
What time is it? 10:45
29%
Am I married False
29%
True or False? True
29%
Hotel? Motel 6
14%
What is John's last name? Pope
14%
No matching quizzes found
Score Distribution
Percent of People with Each Score
Percentile by Number Answered
Your Score History
You have not taken this quiz